مكتبة جامعة عجلون الوطنية

فهرس بحث المكتبة

اثر التحول الرقمي للمؤسسات المالية الإسلامية على الميزة التنافسية في البنوك الإسلامية العاملة في الأردن = The Impact of Digital Transformation of Islamic Financial Institutions on the Competitive Advantage of Islamic Banks Operating in Jordan (Record no. 33880)

MARC details
000 -LEADER
fixed length control field 01244nam a22001937a 4500
003 - CONTROL NUMBER IDENTIFIER
control field JO-AjAnu
005 - DATE AND TIME OF LATEST TRANSACTION
control field 20250310102747.0
008 - FIXED-LENGTH DATA ELEMENTS--GENERAL INFORMATION
fixed length control field 250309b jo ||||| |||| 00| 0 ara d
040 ## - CATALOGING SOURCE
Transcribing agency JO-AjAnu
041 ## - LANGUAGE CODE
Language code of original ara
100 ## - MAIN ENTRY--PERSONAL NAME
Personal name القضاة، نداء احمد عقلة
Relator term معد
9 (RLIN) 66479
245 ## - TITLE STATEMENT
Title اثر التحول الرقمي للمؤسسات المالية الإسلامية على الميزة التنافسية في البنوك الإسلامية العاملة في الأردن = The Impact of Digital Transformation of Islamic Financial Institutions on the Competitive Advantage of Islamic Banks Operating in Jordan
Statement of responsibility, etc. / اعداد نداء احمد عقلة القضاة ؛ اشراف محي الدين يعقوب ابو الهول
260 ## - PUBLICATION, DISTRIBUTION, ETC.
Date of publication, distribution, etc. 2025
300 ## - PHYSICAL DESCRIPTION
Extent 102 ورقة
500 ## - GENERAL NOTE
General note رسالة جامعية (رسالة ماجستير في المصارف الاسلامية)- جامعة عجلون الوطنية (عجلون - الارردن)/ كلية الأعمال، تحصص المصارف الاسلامية، 2025.
650 ## - SUBJECT ADDED ENTRY--TOPICAL TERM
Form subdivision البنوك الاسلامية-التحول الرقمي الاسلامي
700 ## - ADDED ENTRY--PERSONAL NAME
Personal name ابو الهول، محي الدين يعقوب
9 (RLIN) 64950
Relator term مشرف
942 ## - ADDED ENTRY ELEMENTS (KOHA)
Source of classification or shelving scheme Library of Congress Classification
Koha item type Thesis
Suppress in OPAC No
Holdings
Withdrawn status Lost status Source of classification or shelving scheme Damaged status Not for loan Home library Current library Date acquired Total Checkouts Full call number Barcode Date last seen Price effective from Koha item type
    Library of Congress Classification     مكتبة جامعة عجلون الوطنية مكتبة جامعة عجلون الوطنية 09/03/2025   BP173.758.2025 A30182 09/03/2025 09/03/2025 Thesis
    Library of Congress Classification     مكتبة جامعة عجلون الوطنية مكتبة جامعة عجلون الوطنية 09/03/2025   BP173.758.2025 A30183 09/03/2025 09/03/2025 Thesis